000 01659cam a22004457a 4500
001 000091394
003 CHAP
005 20220329142808.0
008 031031d2003 mx ad r 00110 spa d
010 _a87863
011 _a88835
035 _a99380
040 _cCHAP
090 _aTesis
100 0 0 _aAltamirano Herrera, Maria del Carmen.
_94662
245 1 0 _aPlagas presentes en el cultivo de nopal (Opuntia spp.) en las zonas productoras del Estado de México /
_c/por María del Carmen Altamirano Herrera.
260 _aChapingo, Méx. :
_bEl autor,
_c2003.
300 _a43 h. :
_bilus. ; cuadros.
502 _aTesis (Ing. Agr. Esp. en Parasitología Agrícola) -- UACH. Departamento de Parasitología Agrícola
590 _aALEPH
_b10
_c20130110
_lUCH01
_h1456
590 _aBATCH-UPD
_b10
_c20130110
_lUCH01
_h0819
590 _aBATCH-UPD
_b10
_c20130410
_lUCH01
_h0457
590 _aBATCH-UPD
_b10
_c20130914
_lUCH01
_h1841
590 _aBATCH-UPD
_b10
_c20140324
_lUCH01
_h1441
590 _aBATCH-UPD
_b10
_c20141002
_lUCH01
_h0820
590 _aBATCH
_b00
_c20181121
_lUCH01
_h0758
590 _aCONVERSION
_b10
_c20130109
_lUCH01
_h1349
590 _aE12093SGE
_b10
_c20130627
_lUCH01
_h0831
650 1 4 _aNopal
_xPlagas.
_981689
650 1 4 _aNopal
_zMéxico (Edo.).
_981709
650 1 4 _aOpuntia.
_983387
856 _3Finding aid
_uhttp://10.13.5.2/tesis/99380.pdf
_zTeclea aquí
856 _a1
_n0000238
901 _aBK
905 _aMarco A. Mendoza T.
942 _cCD
942 _n0
949 _aTesis
_bBC
_cTES
_d33724000893087
_eTS2
_fc.2
_gDonaciØn
_h41523
_i99380
_si
949 _aTesis
_bBC
_cTES
_d993801
_eTS1
_gDonaciØn
_h41522
_i99380
_sb
999 _c87863
_d87863